Rethinking global modernism : (Record no. 5728)
[ view plain ]
| 000 -LEADER | |
|---|---|
| fixed length control field | 02760cam a22003738i 4500 |
| 001 - CONTROL NUMBER | |
| control field | 22032551 |
| 005 - DATE AND TIME OF LATEST TRANSACTION | |
| control field | 20221227065704.0 |
| 008 - FIXED-LENGTH DATA ELEMENTS--GENERAL INFORMATION | |
| fixed length control field | 210512s2022 enk b 001 0 eng |
| 010 ## - LIBRARY OF CONGRESS CONTROL NUMBER | |
| LC control number | 2021022308 |
| 020 ## - INTERNATIONAL STANDARD BOOK NUMBER | |
| International Standard Book Number | 9780367636715 |
| Qualifying information | (pbk) |
| 040 ## - CATALOGING SOURCE | |
| Original cataloging agency | DLC |
| Language of cataloging | eng |
| Description conventions | rda |
| Transcribing agency | DLC |
| 042 ## - AUTHENTICATION CODE | |
| Authentication code | pcc |
| 050 00 - LIBRARY OF CONGRESS CALL NUMBER | |
| Classification number | NA682.M63 |
| Item number | R48 2022 |
| 082 00 - DEWEY DECIMAL CLASSIFICATION NUMBER | |
| Classification number | 724.6 R48 2022 |
| Edition number | 23 |
| 245 00 - TITLE STATEMENT | |
| Title | Rethinking global modernism : |
| Remainder of title | architectural historiography and the postcolonial / |
| Statement of responsibility, etc. | edited by Vikramaditya Prakash, Maristella Casciato, and Daniel E. Coslett. |
| 263 ## - PROJECTED PUBLICATION DATE | |
| Projected publication date | 2111 |
| 264 #1 - PRODUCTION, PUBLICATION, DISTRIBUTION, MANUFACTURE, AND COPYRIGHT NOTICE | |
| Place of production, publication, distribution, manufacture | Abingdon, Oxon ; |
| -- | New York, NY : |
| Name of producer, publisher, distributor, manufacturer | Routledge, |
| Date of production, publication, distribution, manufacture, or copyright notice | [2022] |
| 300 ## - PHYSICAL DESCRIPTION | |
| Extent | 372 pages, |
| Dimensions | 24cm. |
| 336 ## - CONTENT TYPE | |
| Content type term | text |
| Content type code | txt |
| Source | rdacontent |
| 337 ## - MEDIA TYPE | |
| Media type term | unmediated |
| Media type code | n |
| Source | rdamedia |
| 338 ## - CARRIER TYPE | |
| Carrier type term | volume |
| Carrier type code | nc |
| Source | rdacarrier |
| 504 ## - BIBLIOGRAPHY, ETC. NOTE | |
| Bibliography, etc. note | Includes bibliographical references and index. |
| 505 0# - FORMATTED CONTENTS NOTE | |
| Formatted contents note | Critiques of normative modernist narratives -- New theoretical frameworks for thinking global modernism -- Modernism and (trans)nationalism -- Rethinking agency in modernism -- Infrastructures and materials cultures of global modernism. |
| 520 ## - SUMMARY, ETC. | |
| Summary, etc. | "This anthology collects recent scholarship on modernism which outlines a new decentred history of global modernism in architecture, that is informed by postcolonial theory and its contemporary derivatives such as posthumanism. By both revisiting the canons of modernism and seeking to decolonize and globalize that canon using postcolonial and other related theoretical frameworks it asks, what might a genuinely 'global' history of architectural modernism begin to look like? The chapters explore the weaknesses of normative interpretations of modernism and proposes alternatives to them. It offers essays that interrogate transnationalism in new ways, reconsiders the agency of the subaltern, and the roles played by infrastructures, materials, and global institutions in propagating a diversity of modernisms internationally. Issues such as colonial modernism, architectural pedagogy, cultural imperialism, and spirituality are covered. With essays from both established scholars and up-and-coming researchers, this is an important reference for a new understanding of this crucial topic"-- |
| Assigning source | Provided by publisher. |
| 650 #0 - SUBJECT ADDED ENTRY--TOPICAL TERM | |
| Topical term or geographic name entry element | Modern movement (Architecture) |
| 650 #0 - SUBJECT ADDED ENTRY--TOPICAL TERM | |
| Topical term or geographic name entry element | Imperialism and architecture. |
| 700 1# - ADDED ENTRY--PERSONAL NAME | |
| Personal name | Prakash, Vikramaditya, |
| Relator term | editor. |
| 700 1# - ADDED ENTRY--PERSONAL NAME | |
| Personal name | Casciato, Maristella, |
| Relator term | editor. |
| 700 1# - ADDED ENTRY--PERSONAL NAME | |
| Personal name | Coslett, Daniel E., |
| Relator term | editor. |
| 776 08 - ADDITIONAL PHYSICAL FORM ENTRY | |
| Relationship information | Online version: |
| Title | Rethinking global modernism |
| Place, publisher, and date of publication | Abingdon, Oxon ; New York, NY : Routledge, 2022 |
| International Standard Book Number | 9781003120209 |
| Record control number | (DLC) 2021022309 |
| 906 ## - LOCAL DATA ELEMENT F, LDF (RLIN) | |
| a | 7 |
| b | cbc |
| c | orignew |
| d | 1 |
| e | ecip |
| f | 20 |
| g | y-gencatlg |
| 942 ## - ADDED ENTRY ELEMENTS (KOHA) | |
| Source of classification or shelving scheme | Dewey Decimal Classification |
| Koha item type | English Book |
| Suppress in OPAC | No |
| Withdrawn status | Lost status | Source of classification or shelving scheme | Damaged status | Not for loan | Home library | Current library | Date acquired | Total Checkouts | Full call number | Barcode | Date last seen | Copy number | Price effective from | Koha item type |
|---|---|---|---|---|---|---|---|---|---|---|---|---|---|---|
| Dewey Decimal Classification | CENTRAL | TUWAIQ | 12/27/2022 | 724.6 R48 2022 | 1000000024442 | 12/27/2022 | 1 | 12/27/2022 | English Book | |||||
| Dewey Decimal Classification | CENTRAL | TUWAIQ | 07/01/2024 | 724.6 R48 2022 | 1000000025057 | 07/01/2024 | 07/01/2024 | English Book |
